Finite element analysis conventional wing and fuselage structures (Record no. 324148)
[ view plain ]
| 000 -LEADER | |
|---|---|
| fixed length control field | 00358 a2200133 4500 |
| 001 - CONTROL NUMBER | |
| control field | 89075 |
| 082 ## - DEWEY DECIMAL CLASSIFICATION NUMBER | |
| Classification number | PR 802 |
| 090 ## - LOCALLY ASSIGNED LC-TYPE CALL NUMBER (OCLC); LOCAL CALL NUMBER (RLIN) | |
| -- | 42023 |
| -- | 42023 |
| 100 ## - MAIN ENTRY--PERSONAL NAME | |
| Personal name | Muhammad Ismaeel Hubaan |
| 245 ## - TITLE STATEMENT | |
| Title | Finite element analysis conventional wing and fuselage structures |
| 260 ## - PUBLICATION, DISTRIBUTION, ETC. | |
| Place of publication, distribution, etc. | Karachi |
| Name of publisher, distributor, etc. | NED |
| Date of publication, distribution, etc. | 1982 |
| 300 ## - PHYSICAL DESCRIPTION | |
| Extent | 160p. |
| Accompanying material | Azhar H Jawed |
| 500 ## - GENERAL NOTE | |
| General note | BE Project Reports |
| 942 ## - ADDED ENTRY ELEMENTS (KOHA) | |
| Institution code [OBSOLETE] | CAE NUST |
| Call number prefix | PR 802 |
| Withdrawn status | Lost status | Damaged status | Not for loan | Collection code | Permanent Location | Current Location | Date acquired | Total Checkouts | Full call number | Barcode | Date last seen | Price effective from | Koha item type |
|---|---|---|---|---|---|---|---|---|---|---|---|---|---|
| College of Aeronautical Engineering (CAE) | College of Aeronautical Engineering (CAE) | 04/03/2017 | PR 802 | CAEPR-802 | 04/05/2017 | 04/05/2017 | Book |
